NFL Wide Receivers 2025 Easy to Hard pt 2 - Statistics

General Stats
  • This quiz has been taken 155 times
  • The average score is 7 of 15
Answer Stats
Hint Answer % Correct
Eagles A. J. Brown
97%
Lions Amon-Ra St. Brown
97%
Falcons Drake London
77%
Buccaneers Mike Evans
73%
Dolphins Jaylen Waddle
70%
Jets Garrett Wilson
66%
Texans Stefon Diggs
63%
Commanders Terry McLaurin
45%
Steelers George Pickens
39%
Ravens Rashod Bateman
24%
Patriots DeMario Douglas
17%
Seahawks Tyler Lockett
16%
Colts Josh Downs
15%
Browns Elijah Moore
4%
Saints Marquez Valdes-Scantling
4%
No matching quizzes found
Score Distribution
Percent of People with Each Score
Percentile by Number Answered
Your Score History
You have not taken this quiz